00515nam a2200181 a 4500001001300000003000900013005001700022008004100039020001000080082001500090245004100105260004700146300001600193500003500209505001900244650003700263710003300300nice12345678IN_TiNIC20260116012358.0050524s1894 mada grp 000 0 eng  ac10000a261.2bCLS aBuddha and His Religion, 11 Articles aMadrasbChristian Literature Societyc1894 a11 articles aincludes index and biblioraphy2 aIndex, Addenda aChristianity and Other Religions2 aChristian Literature Society